7º Certamen Internacional de Cine para Niños. (Record no. 43162)

MARC details
000 -LEADER
campo de control de longitud fija 00517nam a2200181 i 4500
001 - NÚMERO DE CONTROL
campo de control 43162
003 - IDENTIFICADOR DE NÚMERO DE CONTROL
campo de control ES-MaACL
005 - FECHA Y HORA DE LA ÚLTIMA TRANSACCIÓN
campo de control 20250814090036.0
007 - CAMPO FIJO DE DESCRIPCIÓN FÍSICA--INFORMACIÓN GENERAL
campo de control de longitud fija t|
008 - DATOS DE LONGITUD FIJA--INFORMACIÓN GENERAL
campo de control de longitud fija 030317s1969 sp ||||1| spa d
245 00 - MENCIÓN DEL TÍTULO
Título 7º Certamen Internacional de Cine para Niños.
260 ## - PUBLICACIÓN, DISTRIBUCIÓN, ETC.
Lugar de publicación, distribución, etc. Gijón :
Nombre del editor, distribuidor, etc. [s.n.,
Fecha de publicación, distribución, etc. 1969]
300 ## - DESCRIPCIÓN FÍSICA
Extensión 81 f. :
Otras características físicas il. ;
Dimensiones 33 cm.
650 #7 - PUNTO DE ACCESO ADICIONAL DE MATERIA--TÉRMINO DE MATERIA
Término de materia o nombre geográfico como elemento de entrada Cine infantil
Fuente del encabezamiento o término embne
9 (RLIN) 171038
740 02 - ENTRADA AGREGADA--TÍTULO RELACIONADO/ANALÍTICO NO CONTROLADO
Título relacionado o analítico no controlado Séptimo Certamen Internacional de Cine para Niños.
852 ## - LOCALIZACIÓN
Ubicación ES-MaACL
Número de control de estantería C-42549
Holdings
Estatus retirado Estado de pérdida Estado de daño No para préstamo Biblioteca de origen Biblioteca actual Ubicación en estantería Fecha de adquisición Fuente de adquisición Total de préstamos Signatura topográfica completa Código de barras Visto por última vez Precio de reemplazo Tipo de ítem Koha
        Biblioteca del Ateneo de Madrid Biblioteca del Ateneo de Madrid Depósito 2 17/01/2008     C-42549 1045432 23/02/2023 23/02/2023 Libro impreso